书目信息 |
| 题名: |
黎曼几何
|
|
| 作者: | 黄利兵 编 | |
| 分册: | ||
| 出版信息: | 北京 科学出版社 2018 |
|
| 页数: | 111页 | |
| 开本: | 24cm | |
| 丛书名: | 南开大学研究生数学教学丛书 | |
| 单 册: | ||
| 中图分类: | O186.12 | |
| 科图分类: | ||
| 主题词: | 黎曼几何--li man ji he--教材 | |
| 电子资源: | ||
| ISBN: | 978-7-03-060048-6 | |
| 000 | 01180nam 2200301 450 | |
| 001 | 012001001492 | |
| 005 | 20131108114259.0 | |
| 010 | @a978-7-03-060048-6@dCNY48.00 | |
| 099 | @aCAL 012019008860 | |
| 100 | @a20190118d2018 em y0chiy50 ea | |
| 101 | 0 | @achi |
| 102 | @aCN@b110000 | |
| 105 | @aak a 000yy | |
| 106 | @ar | |
| 200 | 1 | @a黎曼几何@Ali man ji he@f黄利兵编 |
| 210 | @a北京@c科学出版社@d2018 | |
| 215 | @a111页@c图@d24cm | |
| 225 | 2 | @a南开大学研究生数学教学丛书@Anan kai da xue yan jiu sheng shu xue jiao xue cong shu |
| 312 | @a英文并列题名取自封面 | |
| 320 | @a有书目 (第107-109页) | |
| 330 | @a本书是黎曼几何的入门教材。主要介绍了流形上的黎曼度量、黎曼联络、测地线和曲率。由于针对的只是初学者,所以涵盖的内容大多数是局部的微分几何;对黎曼流形的整体理论,即曲率和拓扑之间的关系,我们只介绍最基本的几个定理,如Weinstein定理,Synge定理,Bonnet-Myers定理,Cartan-Hadamard定理。 | |
| 410 | 0 | @12001 @a南开大学研究生数学教学丛书 |
| 510 | 1 | @aRiemannian geometry@zeng |
| 606 | 0 | @a黎曼几何@Ali man ji he@j教材 |
| 690 | @aO186.12@v5 | |
| 701 | 0 | @a黄利兵@Ahuang li bing@4编 |
| 801 | 0 | @aCN@b北京卓展@c20191020 |
| 905 | @b1198421-4@dO186.12@e53@f4 | |
| 黎曼几何/黄利兵编.-北京:科学出版社,2018 |
| 111页:图;24cm.-(南开大学研究生数学教学丛书) |
| ISBN 978-7-03-060048-6:CNY48.00 |
| 本书是黎曼几何的入门教材。主要介绍了流形上的黎曼度量、黎曼联络、测地线和曲率。由于针对的只是初学者,所以涵盖的内容大多数是局部的微分几何;对黎曼流形的整体理论,即曲率和拓扑之间的关系,我们只介绍最基本的几个定理,如Weinstein定理,Synge定理,Bonnet-Myers定理,Cartan-Hadamard定理。 |
| ● |
| 相关链接 |
|
|
|
|
正题名:黎曼几何
索取号:O186.12/53
 
预约/预借
| 序号 | 登录号 | 条形码 | 馆藏地/架位号 | 状态 | 备注 |
| 1 | 1198421 | 211984218 | 第二样本阅览室/ [索取号:O186.12/53] | 在馆 | |
| 2 | 1198422 | 211984227 | 第三借阅区/ [索取号:O186.12/53] | 在馆 | |
| 3 | 1198423 | 211984236 | 第三借阅区/ [索取号:O186.12/53] | 在馆 | |
| 4 | 1198424 | 211984245 | 第三借阅区/ [索取号:O186.12/53] | 在馆 |